Bisatser och subjunktioner - Statistics

General Stats
  • This quiz has been taken 464 times
  • The average score is 18 of 55
Answer Stats
Hint Answer % Correct
relativt adverb
78%
Kausala för
72%
Finala för
72%
relativt adverb när
70%
Komparativa som
68%
relativa pronomen som
68%
relativt adverb där
67%
Konditionala om
67%
Interrogativa om
67%
Finala att
65%
Allmänt underordnande att
65%
Kausala eftersom
59%
Konsekutiva
57%
Temporala medan
43%
Koncessiva medan
43%
Adversativa medan
43%
relativa pronomen vad
43%
relativa pronomen vilken
42%
Temporala innan
40%
Konditionala ifall
35%
Interrogativa ifall
35%
Finala för att
34%
relativt adverb dit
31%
Koncessiva fast
31%
Temporala sedan
31%
Koncessiva ehuru
27%
Temporala tills
27%
Koncessiva fastän
25%
Konsekutiva så att
25%
Koncessiva trots att
25%
Kausala emedan
24%
Koncessiva även om
23%
Temporala förrän
23%
Komparativa liksom
20%
Interrogativa huruvida
19%
Konditionala bara
18%
Temporala samtidigt som
18%
Koncessiva samtidigt som
18%
Adversativa samtidigt som
18%
Konditionala såvida
15%
Temporala så länge som
14%
Komparativa som om
14%
Temporala tills dess att
14%
Konditionala blott
13%
Temporala efter det att
13%
Konditionala under förutsättning att
13%
Konditionala förutsatt att
12%
Konditionala i den mån
12%
Konditionala är det så att
11%
Koncessiva oaktat
11%
Konditionala på villkor att
11%
Finala på det att
10%
Komparativa såsom än
10%
Adversativa under det att
10%
Koncessiva låt vara att
9%
No matching quizzes found
Score Distribution
Percent of People with Each Score
Percentile by Number Answered
Your Score History
You have not taken this quiz